000 02286nam a2200301 a 4500
001 000032393
005 20200930065622.0
008 110715s2011 dr 001 0 spa d
020 _a9789945871579
040 _aDO-SdBNP
_bspa
_cBNPHU
082 _a347.016
_bR696L
110 1 _aRepública Dominicana.
_9447
240 1 0 _a[Leyes, etc.]
245 1 0 _aLeyes y normas para la práctica notarial /
_ccompilador Benjamín Rodríguez Carpio.
260 _aSanto Domingo :
_bJudicial,
_c2011.
300 _axiii, 246 p.
_a23 cm.
490 1 _aGaceta Judicial
490 1 _aLegislativa
505 0 _gPresentación --
_tLey del notariado, Nº 301 de 1964 --
_tLeyes y normas vinculadas al ejercicio del notariado:
_tCódigo civil, artículos 981-1007; 1101-1126; 1317-1321; 1387-1390; 2146, 2148 y 2150 --
_tCódigo de procedimiento civil, artículos 545, 547 y 839-858 --
_tLey Nº 2334 de 1885, de registro de actos civiles, judiciales y extrajudiciales --
_tLey Nº 2914 de 1890, de registro y conservación de hipotecas --
_tLey Nº 1306-Bis de 1937, sobre divorcio, artículos 4 y 26-33 --
_tLey Nº 111 de 1942 sobre exequátur de profesionales --
_tLey Nº 716 de 1944, de funciones públicas de los cónsules dominicanos (parte relativa a las funciones notariales) --
_tReglamento Nº 6050 de 1949, para la policía de las profesiones jurídicas --
_tLey Nº 18 de 1988, que establece un impuesto anual denominado "Impuesto sobre viviendas suntuarias y los solares urbanos no edificados" --
_tLey Nº 126 de 2002, sobre el comercio electrónico y las firmas digitales --
_tLey Nº 89 de 2005, que instituye el Colegio Dominicano de Notarios en persona moral de derecho público --
_tLey Nº 108 de 2005, de Registro Inmobiliario --
_tReglamento general de registro de títulos de fecha 2 de abril de 2007, modificado por resolución Nº 2669 de fecha 10 de septiembre de 2009, dictada por la Suprema Corte de Justicia.
590 _aInventariado, 2018/LP
650 4 _aDerecho notarial
_zRepública Dominicana
_910224
650 4 _aNotariado y registros
_910225
651 4 _aRepública Dominicana
_xLeyes
_916541
700 1 _aRodríguez Carpio, Benjamín,
_ecomp.
_956344
830 0 _aGaceta Judicial
_91292
830 0 _aLegislativa
_930888
910 _aValidado. Control de calidad EMS
999 _c31884
_d31884